LEADER 01393nam a2200313 u 4500 001 000000010900 003 CaOOAMICUS 005 20070226105352.0 008 940516s1950 it u000 u ita u 035 $a10270027 040 $aPUL(R)$bita 100 1 $aPenna, Angelo,$cC.R.L.$0(OLS)http://pul/name/7704 245 10$aPrincipi e carattere dell'esegesi di S. Gerolamo /$cAngelo Penna. 260 $aRoma :$bP. Istituto Biblico,$c1950. 300 $axvi, 235 p. ;$c25 cm 490 1 $aScripta Pontificii Instituti Biblici ;$v102 500 $aComprende indici. 504 $aBibliografia: p. xii-xvi. 600 04$aHieronymus,$cs.,$d342/347-419.$0(OLS)http://pul/subject/3532 630 04$aBiblia$xCritica e interpretazione$xStoria$yEvo antico.$0(OLS)http://pul/subject/1631 710 2 $aPontificio istituto biblico.$0(OLS)http://pul/name/471 830 0$aScripta Pontificii Instituti Biblici ;$v102.$0(OLS)http://pul/title/1638 850 $aPUL 852 $aPUL$W1$xDP1 Fondo Cecchetti$y53$m267 L 40$j15446$nBK-PRI$b $qFondi$B15446$CPULBib$Z2$F15446 $HPUL2093 $81 910 $aPontificium institutm biblicum$9471 941 1 $a1 960 $aGirolamo,$cs.,$d342/347-419$93532 996 $6245$aPrincipi e carattere dell'esegesi di S. Gerolamo$9(OLS)http://pul/title/15862 996 $6260$aRoma :$bP. Istituto Biblico$9(OLS)http://pul/publisher/47889 LEADER 02019nam a2200361 a 4500 001 000000125822 003 CaOOAMICUS 005 20110627103731.0 008 110627s2010 it u000 u ita r 020 $a978-88-348-9842-0 040 $aPUL$bita 082 04$a345.4504 110 2 $aGinnasio dei penalisti.$bIncontro di studio$n (4 :$d2008 :$cPisa).$0(OLS)http://pul/name/79939 245 13$aLa prova dei fatti psichici :$b4. Ginnasio dei penalisti /$ca cura di Giovannangelo De Francesco, Carmela Piemontese e Emma Venafro ; prefazione di Tullio Padovani. 260 $aTorino :$bG. Giappichelli,$c©2010. 300 $aX, 302 p. ;$c24 cm. 490 1 $aQuaderni del Dipartimento di diritto pubblico (Universitą di Pisa) ;$v52 500 $aRelazioni presentate all'Incontro di studio tenuto a Pisa nel 2008. In copertina: Facolta di giurisprudenza, Universita degli studi di Pisa; Scuola superiore di studi universitari e di perfezionamento S. Anna. 650 4$aDiritto penale$zItalia.$0(OLS)http://pul/subject/10217 650 4$aImputabilitą (diritto penale).$0(OLS)http://pul/subject/34039 700 1 $aDe Francesco, Giovannangelo.$0(OLS)http://pul/name/69479 700 1 $aPiemontese, Carmela.$0(OLS)http://pul/name/79940 700 1 $aVenafro, Emma.$0(OLS)http://pul/name/79941 700 1 $aPadovani, Tullio,$d1944-$0(OLS)http://pul/name/35289 830 0$aQuaderni del Dipartimento di diritto pubblico (Universitą di Pisa) ;$v52.$0(OLS)http://pul/title/93578 850 $aPUL 852 $aPUL$W1$xSL Diritto e Scienze Sociali 3$y79$m345. 4504 DEFGI 1$j144939$qDDC 21$B143948$CPULBib$Z2$F143948 $H116297 $82 941 1 $a9 996 $6020$a978-88-348-9842-0$9(OLS)http://pul/number/147581 996 $6082$a345.4504$9(OLS)http://pul/classification/2052 996 $6245$aLa prova dei fatti psichici :$b4. Ginnasio dei penalisti$9(OLS)http://pul/title/158776 996 $6260$aTorino :$bG. Giappichelli$9(OLS)http://pul/publisher/49130